Deberes morales del ciudadano para con el Estado en los pueblos modernos (Record no. 21208)

MARC details
000 -LEADER
campo de control de longitud fija 00644nam a2200181 i 4500
001 - NÚMERO DE CONTROL
campo de control 21208
003 - IDENTIFICADOR DE NÚMERO DE CONTROL
campo de control ES-MaACL
005 - FECHA Y HORA DE LA ÚLTIMA TRANSACCIÓN
campo de control 20250902005047.0
007 - CAMPO FIJO DE DESCRIPCIÓN FÍSICA--INFORMACIÓN GENERAL
campo de control de longitud fija t|
008 - DATOS DE LONGITUD FIJA--INFORMACIÓN GENERAL
campo de control de longitud fija 021122s1885 sp ||||1| spa d
100 1# - ENTRADA PRINCIPAL--NOMBRE DE PERSONA
Nombre de persona Albareda, José Luis,
Fechas asociadas al nombre 1828-1897
9 (RLIN) 19236
245 10 - MENCIÓN DEL TÍTULO
Título Deberes morales del ciudadano para con el Estado en los pueblos modernos
Resto del título : conferencias dadas en el Centro de Instrucción Comercial /
Mención de responsabilidad, etc. José Luis Albareda.
260 ## - PUBLICACIÓN, DISTRIBUCIÓN, ETC.
Lugar de publicación, distribución, etc. Madrid :
Nombre del editor, distribuidor, etc. [s.n.,
Fecha de publicación, distribución, etc. 1885] (
Fabricante Fernández)
300 ## - DESCRIPCIÓN FÍSICA
Extensión 29 p. ;
Dimensiones 24 cm.
710 2# - ENTRADA AGREGADA--NOMBRE DE ENTIDAD CORPORATIVA
Nombre de entidad corporativa o nombre de jurisdicción como elemento de entrada Centro de Instrucción Comercial
9 (RLIN) 2698
852 ## - LOCALIZACIÓN
Ubicación ES-MaACL
Número de control de estantería T-437-F-21
Holdings
Estatus retirado Estado de pérdida Estado de daño No para préstamo Colección Biblioteca de origen Biblioteca actual Ubicación en estantería Fecha de adquisición Fuente de adquisición Total de préstamos Signatura topográfica completa Código de barras Visto por última vez Precio de reemplazo Tipo de ítem Koha
        Colección de folletos Biblioteca del Ateneo de Madrid Biblioteca del Ateneo de Madrid Depósito folletos 17/01/2008     T-437-F-21 1021784 23/02/2023 23/02/2023 Folleto